000
00336nam a2200133Ia 4500
008
240624s9999 xx 000 0 und d
041
_a
eng
082
_a
658.87 ALE
100
_a
ALEXANDER NICHOLAS
245
_a
INTERNATIONAL RETAILING
260
_c
2014
_a
New Delhi
_b
Oxford
300
_a
xxi, : 271 : p. : cm. ; 26
365
_c
RS
_b
31
999
_c
24803
_d
24803